Pyrroneion ypotyposeon (Record no. 186548)

MARC details
000 -LEADER
campo de control de longitud fija 01113nam a2200277 i 4500
001 - NÚMERO DE CONTROL
campo de control 186548
003 - IDENTIFICADOR DE NÚMERO DE CONTROL
campo de control SpMaBN
005 - FECHA Y HORA DE LA ÚLTIMA TRANSACCIÓN
campo de control 20250928132348.0
008 - DATOS DE LONGITUD FIJA--INFORMACIÓN GENERAL
campo de control de longitud fija 161124s1958 gw |||| | grc
100 0# - ENTRADA PRINCIPAL--NOMBRE DE PERSONA
Nombre de persona Sexto Empírico.
9 (RLIN) 105957
245 10 - MENCIÓN DEL TÍTULO
Título Pyrroneion ypotyposeon
Resto del título : libros tres continens /
Mención de responsabilidad, etc. recensuit Hermannus Mutschmann.
246 33 - FORMA VARIANTE DEL TITULO
Título propio/Titulo breve Esbozos pirrónicos
250 ## - MENCION DE EDICION
Mención de edición Ed. stereotypam emendatam cur. addenda et corrigenda
Resto de la mención de edición adiecit I. Mau.
260 ## - PUBLICACIÓN, DISTRIBUCIÓN, ETC.
Lugar de publicación, distribución, etc. Lipsiae :
Nombre del editor, distribuidor, etc. in aedibus B.G. Teubneri,
Fecha de publicación, distribución, etc. 1958.
300 ## - DESCRIPCIÓN FÍSICA
Extensión XXXII, 221 p. ;
Dimensiones 21 cm.
490 1# - MENCIÓN DE SERIE
Mención de serie Bibliotheca Scriptorum Graecorum et Romanorum Teubneriana
490 1# - MENCIÓN DE SERIE
Mención de serie Sexti Empirici opera ;
Designación de volumen o secuencia 1
546 ## - NOTA DE IDIOMA
Nota de lengua/lenguaje Texto griego, introducción y notas en latín.
650 04 - PUNTO DE ACCESO ADICIONAL DE MATERIA--TÉRMINO DE MATERIA
Término de materia o nombre geográfico como elemento de entrada Escépticos.
9 (RLIN) 12356
700 1# - ENTRADA AGREGADA--NOMBRE PERSONAL
Nombre de persona Mutschmann, Hermann,
Fechas asociadas al nombre 1882-1918
9 (RLIN) 161367
700 1# - ENTRADA AGREGADA--NOMBRE PERSONAL
Nombre de persona Mau, Jürgen.
9 (RLIN) 161368
830 0# - PUNTO DE ACCESO ADICIONAL DE SERIE-TÍTULO UNIFORME
Título uniforme Bibliotheca Scriptorum Graecorum et Romanorum Teubneriana
9 (RLIN) 192574
830 0# - PUNTO DE ACCESO ADICIONAL DE SERIE-TÍTULO UNIFORME
Título uniforme Sexti Empirici opera ;
Designación de volumen o secuencia 1
9 (RLIN) 192575
852 ## - LOCALIZACIÓN
Ubicación ES-MaACL
Número de control de estantería L-30896
Nota libre - enc. cart.
-- . - Biblioteca Jacinto Martínez Lacalle
Holdings
Estatus retirado Estado de pérdida Estado de daño No para préstamo Biblioteca de origen Biblioteca actual Ubicación en estantería Fecha de adquisición Fuente de adquisición Total de préstamos Signatura topográfica completa Código de barras Visto por última vez Precio de reemplazo Tipo de ítem Koha
        Biblioteca del Ateneo de Madrid Biblioteca del Ateneo de Madrid Depósito 2 24/11/2016     L-30896 1196716 23/02/2023 23/02/2023 Libro impreso